[Event "Rei branco na casa preta :-)"]
[Site "http://www.queenalice.com/game.php?id=509059"]
[Date "2008.12.17"]
[Round "-"]
[White "tiefox"]
[Black "angeloagra"]
[Result "0-1"]
[WhiteElo "1091"]
[BlackElo "1440"]

1. c4 e5 2. Nc3 Nf6 3. Nf3 Bc5 4. e3 Nc6 5. Be2 d6 6. O-O Bf5 7. d4 Bb6 8. b4
Nxb4 9. dxe5 dxe5 10. Qa4+ Bd7 11. Qxb4 c5 12. Qb3 Qc7 13. Nxe5 Qxe5 14. e4 a5
15. Bf3 O-O 16. Qxb6 Qxc3 17. Bb2 Qxc4 18. Rfd1 Bc6 19. Rdc1 Qa4 20. Bd1 Qxe4
21. Bf3 Qe6 22. Re1 Ne4 23. Bxg7 Kxg7 24. Rad1 Ra6 25. Qb2+ Kg8 26. Rd7 Qxd7 27.
Bxe4 Re8 28. Bxh7+ Kxh7 29. Rd1 Qxd1# 0-1

[Event "Challenge"]
[Site "http://www.queenalice.com/game.php?id=509845"]
[Date "2008.12.19"]
[Round "-"]
[White "tiefox"]
[Black "carloscolangelo"]
[Result "0-1"]
[WhiteElo "1077"]
[BlackElo "1448"]

1. e4 e5 2. Nf3 Bc5 3. Qe2 Nf6 4. Nxe5 O-O 5. Nc3 d6 6. Nc4 d5 7. d3 dxe4 8.
dxe4 Ng4 9. Qf3 Nxf2 10. Qg3 Nxh1 11. Qf3 Bd4 12. Ne2 Qf6 13. Nf4 Rd8 14. b4
Bxa1 15. e5 Bxe5 16. Nxe5 Qxe5+ 17. Be2 Qa1 18. Qe3 Qd4 19. c3 Qxe3 20. Bxe3 Be6
21. Nh5 Bxa2 22. Bg5 f6 23. Bf4 Nc6 24. b5 Ne7 25. Bxc7 Rd5 26. Nf4 Rxb5 27.
Bxb5 a6 28. Bd3 Re8 29. Kf1 g5 30. Nh5 Nd5 31. c4 Nxc7 32. Nxf6+ Kf8 33. Nxe8
Kxe8 34. Bxh7 Bxc4+ 35. Kg1 a5 36. Kxh1 a4 37. h4 gxh4 38. g4 a3 39. Bg6+ Ke7
40. Bb1 a2 41. Bxa2 Bxa2 42. g5 b5 43. g6 Kf8 44. Kh2 b4 45. Kh3 b3 46. Kxh4 b2
47. Kg5 b1=Q 48. Kf6 Kg8 49. Ke7 Qxg6 0-1

[Event "Revenge!!!!"]
[Site "http://www.queenalice.com/game.php?id=510212"]
[Date "2008.12.19"]
[Round "-"]
[White "tiefox"]
[Black "angeloagra"]
[Result "0-1"]
[WhiteElo "1081"]
[BlackElo "1450"]

1. Nc3 e5 2. Nf3 Nc6 3. e4 Bc5 4. Qe2 Nge7 5. Qc4 d6 6. d3 Na5 7. Qa4+ Bd7 8.
Qxa5 f5 9. Bg5 h6 10. Bh4 g5 11. Nxg5 hxg5 12. Bxg5 Qc8 13. Bxe7 b6 14. Qa3 Bxa3
15. bxa3 Kxe7 16. Nd5+ Kf7 17. Be2 c6 18. Ne3 Qa6 19. h3 Qxa3 20. O-O f4 21. Nc4
Qc3 22. Nxd6+ Ke7 23. Nb7 Qxc2 24. Bf3 Rab8 25. Rac1 Qxd3 26. Rcd1 Qa3 27. Nd6
Bxh3 28. Nf7 Kxf7 29. Rd7+ Ke6 30. Rg7 Qxf3 31. gxf3 Bxf1 32. Kxf1 Rh1+ 33. Kg2
Rbh8 34. Rg6+ Kf7 35. Rg4 R8h2# 0-1

[Event "Challenge"]
[Site "http://www.queenalice.com/game.php?id=512157"]
[Date "2008.12.24"]
[Round "-"]
[White "carloscolangelo"]
[Black "tiefox"]
[Result "1-0"]
[WhiteElo "1450"]
[BlackElo "1074"]

1. e4 Nf6 2. e5 Nd5 3. c4 Nf4 4. d4 Ne6 5. d5 Nc5 6. b4 Ne4 7. Bd3 Nxf2 8. Kxf2
e6 9. Qf3 Qh4+ 10. g3 Qe7 11. Nh3 Na6 12. b5 Qc5+ 13. Be3 Qd6 14. bxa6 Qa3 15.
Nxa3 Bxa3 16. Rhf1 b6 17. Kg1 Bxa6 18. Qxf7+ Kd8 19. Qxg7 Bf8 20. Qxh8 Kc8 21.
Qxf8+ Kb7 22. Qg7 h5 23. Qxd7 Rh8 24. Be4 Rg8 25. d6+ Kb8 26. Qxc7# 1-0

[Event "Challenge"]
[Site "http://www.queenalice.com/game.php?id=515083"]
[Date "2008.12.31"]
[Round "-"]
[White "carloscolangelo"]
[Black "tiefox"]
[Result "1-0"]
[WhiteElo "1417"]
[BlackElo "1027"]

1. e4 e5 2. Nf3 Nc6 3. Bc4 Nh6 4. h3 g6 5. O-O Rg8 6. d3 d6 7. Ng5 f5 8. Nxh7 d5
9. Bxd5 Rg7 10. Bxh6 Rd7 11. Nxf8 Re7 12. Nxg6 Rh7 13. Qh5 fxe4 14. Nxe5+ Ke7
15. Bg5+ Kf8 16. Qxh7 Qxg5 17. Qf7# 1-0

[Event "Challenge"]
[Site "http://www.queenalice.com/game.php?id=515086"]
[Date "2008.12.31"]
[Round "-"]
[White "Karadinne"]
[Black "tiefox"]
[Result "1-0"]
[WhiteElo "1100"]
[BlackElo "1072"]

1. e4 e5 2. d3 Bb4+ 3. c3 Bc5 4. b4 Bxf2+ 5. Kxf2 Qh4+ 6. g3 Qf6+ 7. Nf3 Nc6 8.
b5 Nce7 9. Bg5 Qg6 10. h4 h6 11. Nxe5 Qe6 12. d4 hxg5 13. Bh3 Qf6+ 14. Ke1 gxh4
15. Ng4 Qb6 16. a4 Qe6 17. e5 f5 18. Ne3 g6 19. Nd2 d6 20. Nf3 Bd7 21. gxh4 1-0

[Event "Challenge"]
[Site "http://www.queenalice.com/game.php?id=523751"]
[Date "2009.1.16"]
[Round "-"]
[White "matheusinho_7_7"]
[Black "tiefox"]
[Result "0-1"]
[WhiteElo "969"]
[BlackElo "1026"]

1. e4 e5 2. Nf3 Nc6 3. Bd3 Bc5 4. Rf1 Nf6 5. Bb5 d5 6. Nxe5 O-O 7. d3 Nxe5 8.
Bd2 Nfg4 9. h3 Nh2 10. Rh1 Bxf2+ 11. Ke2 Nhg4 12. Nc3 dxe4 13. Qf1 exd3+ 14.
cxd3 Qxd3+ 15. Kd1 Qd6 16. b4 Qxb4 17. Nd5 Qb2 18. Ke2 Qxb5+ 19. Kd1 Qxd5 20.
Rc1 Nd3 21. Rxc7 Bf5 22. Rxb7 Qxb7 23. Qe1 Nxe1 24. Bb4 Ne3+ 25. Kc1 Qxb4 26. h4
Qc4+ 27. Kd2 Qxa2+ 28. Kc1 Rac8# 0-1

[Event "Challenge"]
[Site "http://www.queenalice.com/game.php?id=538376"]
[Date "2009.2.11"]
[Round "-"]
[White "carloscolangelo"]
[Black "tiefox"]
[Result "1-0"]
[WhiteElo "1389"]
[BlackElo "1042"]

1. e4 e5 2. Nf3 Nc6 3. Bc4 Qf6 4. O-O d6 5. d3 Qg6 6. Ng5 f6 7. Bf7+ Kd8 8. Bxg6
hxg6 9. Nf7+ Ke8 10. Nxh8 Be7 11. Nxg6 f5 12. Qh5 Be6 13. Nxe7+ Kxe7 14. Qh7 Re8
15. Qxg7+ Kd8 16. Bg5+ Kc8 17. exf5 Bxf5 18. Qf7 Nce7 19. Qxe8# 1-0

[Event "1234567890"]
[Site "http://www.queenalice.com/game.php?id=539505"]
[Date "2009.2.13"]
[Round "-"]
[White "angeloagra"]
[Black "tiefox"]
[Result "1-0"]
[WhiteElo "1503"]
[BlackElo "1039"]

1. d4 e6 2. e4 Bb4+ 3. c3 Ba5 4. Nf3 b6 5. Bg5 f6 6. Bh4 h6 7. Bc4 g5 8. Bg3 h5
9. h4 a6 10. Qd2 Bb7 11. Qe3 Qe7 12. hxg5 b5 13. gxf6 Nxf6 14. Bd3 b4 15. Rh4
bxc3 16. bxc3 Bxc3+ 17. Nxc3 Qb4 18. Qc1 Nc6 19. Rb1 Qf8 20. Rxb7 Ne7 21. Rxc7
Ng6 22. Rh3 h4 23. Bh2 Rh5 24. e5 Ng4 25. Bxg6+ Kd8 26. Bxh5 Kxc7 27. Bxg4 Qb8
28. Rxh4 Qb6 29. Nd5+ Kb7 30. Nxb6 1-0

[Event "Round 1"]
[Site "http://www.queenalice.com/game.php?id=539966"]
[Date "2009.2.13"]
[Round "-"]
[White "Mr_SPOCK"]
[Black "tiefox"]
[Result "1-0"]
[WhiteElo "1658"]
[BlackElo "1039"]

1. e4 Nf6 2. e5 Ne4 3. d3 Nxf2 4. Kxf2 e6 5. Nf3 Bc5+ 6. d4 Bb6 7. Bg5 f6 8.
exf6 gxf6 9. Bh4 c5 10. d5 c4+ 11. Nd4 e5 12. Kg3 Rg8+ 13. Kh3 d6+ 14. g4 Bxd4
15. Be2 Qd7 16. c3 f5 17. cxd4 fxg4+ 18. Kg3 Qf7 19. Rf1 Qh5 20. Nc3 Bd7 21. Ne4
Qh6 22. Nf6+ Kd8 23. Nxg8+ 1-0

[Event ";)"]
[Site "http://www.queenalice.com/game.php?id=541150"]
[Date "2009.2.16"]
[Round "-"]
[White "tiefox"]
[Black "Mr_SPOCK"]
[Result "0-1"]
[WhiteElo "1016"]
[BlackElo "1661"]

1. e4 e5 2. Nf3 Nc6 3. c3 Nf6 4. d3 d5 5. d4 Bg4 6. h3 Nxe4 7. Qe2 exd4 8. hxg4
dxc3 9. bxc3 Bc5 10. Be3 O-O 11. Bxc5 Nxc5 12. Qc2 Re8+ 13. Be2 Ne4 14. c4 Nb4
15. Qb2 dxc4 16. Bxc4 Ng3+ 17. Ne5 Nd3+ 18. Bxd3 Qxd3 19. Qd2 Rxe5+ 20. Kd1 Qb5
21. Nc3 Qc6 22. fxg3 Rd8 23. Qxd8+ Re8 24. Qd3 g6 25. Nb5 Qxg2 26. Nxc7 Qxh1+
27. Kc2 Qc6+ 28. Kd2 Qxc7 29. Rf1 Rd8 30. Rc1 Rxd3+ 0-1

[Event "Challenge"]
[Site "http://www.queenalice.com/game.php?id=542196"]
[Date "2009.2.18"]
[Round "-"]
[White "angeloagra"]
[Black "tiefox"]
[Result "1-0"]
[WhiteElo "1485"]
[BlackElo "1016"]

1. d4 b6 2. e4 Nf6 3. f3 c5 4. c3 d6 5. Bb5+ Bd7 6. Bd3 e5 7. d5 a6 8. Bg5 h6 9.
Bh4 g5 10. Bg3 b5 11. Ne2 c4 12. Bc2 Bg7 13. O-O h5 14. b3 h4 15. Bf2 g4 16.
fxg4 Bxg4 17. a4 h3 18. g3 Bf3 19. axb5 cxb3 20. Bxb3 Bxe4 21. b6 a5 22. Bc4 Qd7
23. Qb3 a4 24. Qb4 Bf3 25. Bb5 Bxe2 26. Bxd7+ Nbxd7 27. b7 Bxf1 28. bxa8=Q+ Ke7
29. Qxh8 Bxh8 30. Kxf1 Nxd5 31. Qh4+ f6 32. Qxh8 Nf8 33. Rxa4 Nc7 34. Ra7 d5 35.
Rxc7+ Kd6 36. Rf7 Nd7 37. Qd8 1-0

[Event ";))"]
[Site "http://www.queenalice.com/game.php?id=543013"]
[Date "2009.2.19"]
[Round "-"]
[White "Mr_SPOCK"]
[Black "tiefox"]
[Result "0-1"]
[WhiteElo "1639"]
[BlackElo "1016"]

1. e4 e5 2. Bc4 Nh6 3. d3 Bb4+ 4. c3 Ba5 5. Bxh6 gxh6 6. Qh5 O-O 7. Qxe5 d6 8.
Qg3+ Qg5 9. Qf3 Bg4 10. Qg3 Qc1# 0-1